000 00512nam a22001817a 4500
003 CEME
005 20210628205653.0
008 210312b xxu||||| |||| 00| 0 eng d
020 _a0-442-25932-8
040 _c.
082 _a621.381 TES
100 _aLiu, Ruey-Wen
_976560
245 _aTesting and diagnosis of analog circuits and systems
260 _aNEWYORK
_bVAN NOSTRAND
_c1991
300 _a284P
650 _aANALOG ELECTRONIC SYSTEMS-TESTING ANALOG CIRCUITS AND SYSTEMS
_976561
942 _cBK
_2ddc
999 _c581932
_d581932